Время собирать камни; Письма из Русского музея; Черные доски; Время собирать камни; Продолжение времени

Bibliographische Detailangaben
1. Verfasser: Солоухин В. А. Владимир Алексеевич
Weitere Verfasser: Енишерлов В. (автор предисловия), Лукашов В. (иллюстратор)
Sprache:Russisch
Veröffentlicht: Москва, Правда, 1990
TOC:Письма из Русского музея;
Черные доски;
Время собирать камни;
Продолжение времени;
Schlagworte:
Format: Buch
KOHA link:https://koha.lib.tpu.ru/cgi-bin/koha/opac-detail.pl?biblionumber=149865

MARC

LEADER 00000nam0a2200000 4500
001 149865
005 20231101221442.0
010 |a 5253000909 
035 |a (RuTPU)RU\TPU\book\162475 
090 |a 149865 
100 |a 20081223d1990 m y0rusy50 ca 
101 0 |a rus 
102 |a RU 
105 |a a z 000ay 
200 1 |a Время собирать камни  |f В. А. Солоухин  |g авт. предисл. В. Енишерлов ; худож. В. Лукашов 
210 |a Москва  |c Правда  |d 1990 
215 |a 688 с.  |c ил. 
464 |t Письма из Русского музея 
464 |t Черные доски  |o (записки начинающего коллекционера) 
464 |t Время собирать камни  |o (очерки) 
464 |t Продолжение времени  |o (письма из разных мест) 
610 1 |a советская литература 
610 1 |a очерки 
610 1 |a записки 
675 |a Р2  |v 3 
700 1 |a Солоухин  |b В. А.  |c русский писатель  |f 1924-1997  |g Владимир Алексеевич  |2 stltpush  |3 (RuTPU)RU\TPU\pers\14878  |9 5031 
702 1 |a Енишерлов  |b В.  |4 080 
702 1 |a Лукашов  |b В.  |4 440 
801 1 |a RU  |b 63413507  |c 20081223  |g PSBO 
942 |c BK